Foot- Clubs ayant gagné des trophèes big 5 - Statistiques

Statistiques générales
  • Ce quiz a été pris 111 fois
  • Le résultat moyen est 14 sur 18
Statistiques - réponses
Question Réponse % Correct
UEFA Champions League Paris Saint-Germain ou Inter Milan
95%
Premier league FC Liverpool
88%
Ligue 1 Paris Saint-Germain
85%
Coupe de France Paris Saint-Germain
84%
UEFA Europa League Tottenham
84%
Liga FC Barcelone
83%
Bundesliga Bayern Munich
82%
Trophée des Champions Paris Saint-Germain
82%
Seria Napoli
81%
Coupe du Roi FC Barcelone
80%
Super Coupe du Roi FC Barcelone
80%
UEFA Conference League Chelsea ou Real Betis
77%
Supercoppa Italia AC Milan
73%
Fa Cup Crystal Palace
65%
UEFA Super Cup Real Madrid
65%
Coppa Italia FC Bologne
55%
Carabao Cup Newcastle
52%
DFB-Pokal (coupe d'allemagne) Stuttgart
43%
Aucun quiz correspondant
Distribution des résultats
% des personnes avec chaque résultat
Percentile par nombre de réponses
Votre historique - résultats
Vous n’avez pas pris ce quiz